Indian economy since 1951: growth with imbalances (Record no. 2349)
[ view plain ]
| 000 -LEADER | |
|---|---|
| fixed length control field | 00358nam a2200133Ia 4500 |
| 020 ## - INTERNATIONAL STANDARD BOOK NUMBER | |
| ISBN | 81-7076-56-4 |
| 082 ## - DEWEY DECIMAL CLASSIFICATION NUMBER | |
| Classification number | 330.954 PRA-; |
| 100 ## - MAIN ENTRY--AUTHOR NAME | |
| Personal name | Prasad, K.N. |
| 245 #0 - TITLE STATEMENT | |
| Title | Indian economy since 1951: growth with imbalances |
| 260 ## - PUBLICATION, DISTRIBUTION, ETC. (IMPRINT) | |
| Place of publication | New Delhi |
| Name of publisher | Intellectual Publishing |
| Year of publication | 1993 |
| 300 ## - PHYSICAL DESCRIPTION | |
| Number of Pages | 516p. |
| 942 ## - ADDED ENTRY ELEMENTS (KOHA) | |
| Koha item type | Books |
| Withdrawn status | Lost status | Damaged status | Not for loan | Home library | Current library | Date acquired | Bill Date | Full call number | Accession Number | Price effective from | Koha item type |
|---|---|---|---|---|---|---|---|---|---|---|---|
| NASSDOC Library | NASSDOC Library | 08/06/2004 | 2004-10-05 | 330.954 PRA-; | 37019 | 18/04/2019 | Books | ||||
| NASSDOC Library | NASSDOC Library | 08/06/2004 | 2004-10-05 | 330.954 PRA-; | 37020 | 18/04/2019 | Books |
